Statistics for ASEAN Members

Click here to take the quiz!

General Stats

  • This quiz has been taken 25 times
  • The average score is 21 of 26

Answer Stats

CountryStatus% Correct
ThailandMember
100%
VietnamMember
100%
BruneiMember
95%
IndonesiaMember
95%
LaosMember
95%
SingaporeMember
95%
CambodiaMember
90%
ChinaPlus Three
90%
JapanPlus Three
90%
MalaysiaMember
90%
MyanmarMember
90%
South KoreaPlus Three
90%
AustraliaEast Asia Summit
86%
IndiaEast Asia Summit
86%
PhilippinesMember
86%
East TimorCandidate (Observer)
81%
New ZealandEast Asia Summit
81%
Papua New GuineaCandidate (Observer)
81%
United StatesEast Asia Summit
81%
CanadaRegional Forum
71%
North KoreaRegional Forum
71%
PakistanRegional Forum
71%
BangladeshRegional Forum
67%
MongoliaRegional Forum
57%
RussiaEast Asia Summit
57%
Sri LankaRegional Forum
43%

Score Distribution

Percentile by Number Answered

Percent of People with Each Score

Your Score History

You have not taken this quiz